Europees kampioenschap voetbal 2024 landen - Statistieken

Algemene statistieken
  • Deze quiz is 141 keer genomen
  • De gemiddelde score is 20 van 24
Antwoordstatistieken
Gruppe Antwoord % Correct
Group E België
98%
Group D Frankrijk
96%
Group D Nederland
96%
Group D Polen
96%
Group F Portugal
96%
Groep B Spanje
96%
Groep A Duitsland
95%
Groep B Italië
93%
Group C Engeland
91%
Group D Oostenrijk
91%
Groep B Kroatië
87%
Groep A Zwitserland
86%
Group E Oekraïne
85%
Group E Slowakije
83%
Groep B Albanië
79%
Groep A Hongarije
79%
Groep C Slovenië
79%
Group F Turkije
79%
Group E Roemenië
75%
Groep C Denemarken
74%
Group C Servië
74%
Groep A Schotland
71%
Group F Georgië
60%
Group F Tsjechische Republiek
3%
Geen overeenkomende quizzen gevonden
Scoreverdeling
Procent van Mensen met Elke Score
Percentiel versus Aantal Correcte Antwoorden
Uw Scoregeschiedenis
U heeft deze quiz nog niet genomen